Top XIs: Tottenham Hotspur (1979-2023) - Statistics

General Stats
  • This quiz has been taken 646 times
    534 since last reset
  • The average score is 202 of 500
Answer Stats
Hint Position Answer % Correct
2014/2015 ST Harry Kane
97%
2014/2015 EL ST Harry Kane
97%
2015/2016 ST Harry Kane
97%
2016/2017 ST Harry Kane
97%
2017/2018 ST Harry Kane
97%
2018/2019 ST Harry Kane
97%
2019/2020 ST Harry Kane
97%
2020/2021 ST Harry Kane
97%
2021/2022 ST Harry Kane
97%
2022/2023 ST Harry Kane
97%
2022/2023 UCL ST Harry Kane
97%
2016/2017 ST Heung-Min Son
94%
2017/2018 ST Heung-Min Son
94%
2018/2019 ST Heung-Min Son
94%
2019/2020 ST Heung-Min Son
94%
2020/2021 ST Heung-Min Son
94%
2021/2022 ST Heung-Min Son
94%
2022/2023 ST Heung-Min Son
94%
2022/2023 UCL ST Heung-Min Son
94%
2012/2013 DF Jan Vertonghen
86%
2012/2013 EL DF Jan Vertonghen
86%
2013/2014 DF Jan Vertonghen
86%
2013/2014 EL DF Jan Vertonghen
86%
2014/2015 DF Jan Vertonghen
86%
2014/2015 EL DF Jan Vertonghen
86%
2015/2016 DF Jan Vertonghen
86%
2016/2017 DF Jan Vertonghen
86%
2017/2018 DF Jan Vertonghen
86%
2018/2019 DF Jan Vertonghen
86%
2019/2020 DF Jan Vertonghen
86%
2015/2016 MF Dele Alli
83%
2016/2017 MF Dele Alli
83%
2017/2018 MF Dele Alli
83%
2018/2019 MF Dele Alli
83%
2010/2011 MF Gareth Bale
82%
2011/2012 MF Gareth Bale
82%
2012/2013 MF Gareth Bale
82%
2012/2013 EL MF Gareth Bale
82%
2015/2016 DF Toby Alderweireld
81%
2016/2017 DF Toby Alderweireld
81%
2018/2019 DF Toby Alderweireld
81%
2019/2020 DF Toby Alderweireld
81%
2020/2021 DF Toby Alderweireld
81%
2013/2014 MF Christian Eriksen
78%
2014/2015 MF Christian Eriksen
78%
2015/2016 MF Christian Eriksen
78%
2016/2017 MF Christian Eriksen
78%
2017/2018 MF Christian Eriksen
78%
2018/2019 MF Christian Eriksen
78%
2011/2012 DF Kyle Walker
77%
2011/2012 EL DF Kyle Walker
77%
2012/2013 DF Kyle Walker
77%
2012/2013 EL DF Kyle Walker
77%
2013/2014 DF Kyle Walker
77%
2015/2016 DF Kyle Walker
77%
2016/2017 DF Kyle Walker
77%
2018/2019 MF Lucas Moura
74%
2019/2020 MF Lucas Moura
74%
2020/2021 MF Lucas Moura
74%
2020/2021 EL MF Lucas Moura
74%
2014/2015 DF Eric Dier
72%
2015/2016 MF Eric Dier
72%
2016/2017 MF Eric Dier
72%
2017/2018 MF Eric Dier
72%
2020/2021 DF Eric Dier
72%
2020/2021 EL DF Eric Dier
72%
2021/2022 DF Eric Dier
72%
2022/2023 DF Eric Dier
72%
2022/2023 UCL DF Eric Dier
72%
2004/2005 ST Jermain Defoe
72%
2009/2010 ST Jermain Defoe
72%
2011/2012 ST Jermain Defoe
72%
2011/2012 EL ST Jermain Defoe
72%
2012/2013 ST Jermain Defoe
72%
2012/2013 EL ST Jermain Defoe
72%
2013/2014 EL ST Jermain Defoe
72%
2012/2013 MF Moussa Dembélé
71%
2013/2014 EL MF Moussa Dembélé
71%
2015/2016 MF Moussa Dembélé
71%
2016/2017 MF Moussa Dembélé
71%
2017/2018 MF Moussa Dembélé
71%
2008/2009 ST Darren Bent
70%
2009/2010 ST Peter Crouch
69%
2010/2011 ST Peter Crouch
69%
1993/1994 DF Sol Campbell
69%
1994/1995 DF Sol Campbell
69%
1995/1996 DF Sol Campbell
69%
1996/1997 DF Sol Campbell
69%
1997/1998 DF Sol Campbell
69%
1998/1999 DF Sol Campbell
69%
1999/2000 DF Sol Campbell
69%
2000/2001 DF Sol Campbell
69%
2014/2015 EL DF Ben Davies
67%
2017/2018 DF Ben Davies
67%
2020/2021 EL DF Ben Davies
67%
2021/2022 DF Ben Davies
67%
2022/2023 DF Ben Davies
67%
2008/2009 MF Luka Modrić
66%
2009/2010 MF Luka Modrić
66%
2010/2011 MF Luka Modrić
66%
2011/2012 MF Luka Modrić
66%
2001/2002 MF Simon Davies
66%
2002/2003 MF Simon Davies
66%
2004/2005 MF Simon Davies
66%
2017/2018 DF Kieran Trippier
65%
2018/2019 DF Kieran Trippier
65%
2021/2022 DF Cristian Romero
61%
2022/2023 DF Cristian Romero
61%
2022/2023 UCL DF Cristian Romero
61%
2014/2015 MF Érik Lamela
61%
2015/2016 MF Érik Lamela
61%
2019/2020 MF Harry Winks
61%
2020/2021 EL MF Harry Winks
61%
2022/2023 UCL ST Richarlison
61%
2001/2002 DF Ledley King
58%
2002/2003 DF Ledley King
58%
2003/2004 DF Ledley King
58%
2004/2005 DF Ledley King
58%
2005/2006 DF Ledley King
58%
2006/2007 DF Ledley King
58%
2008/2009 DF Ledley King
58%
2011/2012 DF Ledley King
58%
2002/2003 ST Robbie Keane
58%
2003/2004 ST Robbie Keane
58%
2005/2006 ST Robbie Keane
58%
2006/2007 ST Robbie Keane
58%
2007/2008 ST Robbie Keane
58%
2018/2019 MF Moussa Sissoko
57%
2019/2020 MF Moussa Sissoko
57%
2020/2021 MF Moussa Sissoko
57%
2020/2021 EL MF Moussa Sissoko
57%
2006/2007 ST Dimitar Berbatov
55%
2007/2008 ST Dimitar Berbatov
55%
1992/1993 ST Teddy Sheringham
55%
1993/1994 ST Teddy Sheringham
55%
1994/1995 ST Teddy Sheringham
55%
1995/1996 ST Teddy Sheringham
55%
1996/1997 ST Teddy Sheringham
55%
2001/2002 ST Teddy Sheringham
55%
2002/2003 ST Teddy Sheringham
55%
2017/2018 DF Davinson Sánchez
54%
2018/2019 DF Davinson Sánchez
54%
2019/2020 DF Davinson Sánchez
54%
2020/2021 EL DF Davinson Sánchez
54%
2020/2021 MF P.-Emile Höjbjerg
54%
2021/2022 MF P.-Emile Höjbjerg
54%
2022/2023 MF P.-Emile Höjbjerg
54%
2022/2023 UCL MF P.-Emile Höjbjerg
54%
2021/2022 MF Dejan Kulusevski
52%
2022/2023 MF Dejan Kulusevski
52%
1989/1990 ST Gary Lineker
52%
1990/1991 ST Gary Lineker
52%
1991/1992 ST Gary Lineker
52%
1996/1997 DF Stephen Carr
51%
1997/1998 DF Stephen Carr
51%
1998/1999 DF Stephen Carr
51%
1999/2000 DF Stephen Carr
51%
2000/2001 DF Stephen Carr
51%
2002/2003 DF Stephen Carr
51%
2003/2004 DF Stephen Carr
51%
2020/2021 MF Tanguy Ndombélé
51%
2011/2012 ST Emma Adebayor
50%
2012/2013 EL ST Emma Adebayor
50%
2013/2014 ST Emma Adebayor
50%
2006/2007 MF Aaron Lennon
49%
2007/2008 MF Aaron Lennon
49%
2008/2009 MF Aaron Lennon
49%
2010/2011 MF Aaron Lennon
49%
2011/2012 EL MF Aaron Lennon
49%
2012/2013 MF Aaron Lennon
49%
2012/2013 EL MF Aaron Lennon
49%
2013/2014 MF Aaron Lennon
49%
1994/1995 ST Jurgen Klinsmann
49%
1997/1998 ST Jurgen Klinsmann
49%
2021/2022 MF Rodrigo Bentancur
48%
2022/2023 MF Rodrigo Bentancur
48%
2022/2023 UCL MF Rodrigo Bentancur
48%
2010/2011 MF Rafa van der Vaart
47%
2011/2012 MF Rafa van der Vaart
47%
1997/1998 ST Les Ferdinand
46%
2000/2001 ST Les Ferdinand
46%
2001/2002 ST Les Ferdinand
46%
2021/2022 DF Emerson Royal
45%
2022/2023 UCL DF Emerson Royal
45%
1979/1980 MF Glenn Hoddle
45%
1980/1981 MF Glenn Hoddle
45%
1981/1982 MF Glenn Hoddle
45%
1982/1983 MF Glenn Hoddle
45%
1983/1984 MF Glenn Hoddle
45%
1984/1985 MF Glenn Hoddle
45%
1985/1986 MF Glenn Hoddle
45%
1986/1987 MF Glenn Hoddle
45%
2022/2023 DF Pedro Porro
45%
2005/2006 DF Michael Dawson
44%
2006/2007 DF Michael Dawson
44%
2007/2008 DF Michael Dawson
44%
2009/2010 DF Michael Dawson
44%
2010/2011 DF Michael Dawson
44%
2012/2013 DF Michael Dawson
44%
2013/2014 DF Michael Dawson
44%
2013/2014 EL DF Michael Dawson
44%
2019/2020 DF Serge Aurier
44%
2020/2021 DF Serge Aurier
44%
1992/1993 MF Darren Anderton
42%
1993/1994 MF Darren Anderton
42%
1994/1995 MF Darren Anderton
42%
1998/1999 MF Darren Anderton
42%
2001/2002 MF Darren Anderton
42%
2002/2003 MF Darren Anderton
42%
2003/2004 MF Darren Anderton
42%
1997/1998 MF David Ginola
42%
1998/1999 MF David Ginola
42%
1999/2000 MF David Ginola
42%
2013/2014 ST Roberto Soldado
42%
2013/2014 EL ST Roberto Soldado
42%
2014/2015 EL ST Roberto Soldado
42%
2020/2021 DF Sergio Reguilón
42%
2021/2022 DF Sergio Reguilón
42%
2008/2009 DF B. Assou-Ekotto
41%
2009/2010 DF B. Assou-Ekotto
41%
2010/2011 DF B. Assou-Ekotto
41%
2011/2012 DF B. Assou-Ekotto
41%
1988/1989 MF Paul Gascoigne
41%
1989/1990 MF Paul Gascoigne
41%
1990/1991 MF Paul Gascoigne
41%
2011/2012 MF Scott Parker
41%
2012/2013 EL MF Scott Parker
41%
2016/2017 DF Victor Wanyama
41%
2005/2006 MF Jermaine Jenas
40%
2006/2007 MF Jermaine Jenas
40%
2008/2009 MF Jermaine Jenas
40%
2004/2005 MF Michael Carrick
40%
2005/2006 MF Michael Carrick
40%
1979/1980 ST Chris Jones
38%
2010/2011 DF William Gallas
37%
2005/2006 DF Lee Young-pyo
36%
2006/2007 DF Lee Young-pyo
36%
2007/2008 DF Lee Young-pyo
36%
2013/2014 MF Nacer Chadli
36%
2014/2015 MF Nacer Chadli
36%
1986/1987 ST Clive Allen
35%
1987/1988 ST Clive Allen
35%
2022/2023 MF Ivan Perišić
35%
2019/2020 MF Giovani Lo Celso
35%
2020/2021 EL MF Giovani Lo Celso
35%
2022/2023 UCL MF Ivan Perišić
35%
1985/1986 MF Paul Allen
35%
1986/1987 MF Paul Allen
35%
1987/1988 MF Paul Allen
35%
1988/1989 MF Paul Allen
35%
1989/1990 MF Paul Allen
35%
1990/1991 MF Paul Allen
35%
1991/1992 MF Paul Allen
35%
1992/1993 MF Paul Allen
35%
1982/1983 DF Gary Mabbutt
33%
1985/1986 DF Gary Mabbutt
33%
1986/1987 DF Gary Mabbutt
33%
1987/1988 DF Gary Mabbutt
33%
1988/1989 DF Gary Mabbutt
33%
1989/1990 DF Gary Mabbutt
33%
1990/1991 DF Gary Mabbutt
33%
1991/1992 DF Gary Mabbutt
33%
1992/1993 DF Gary Mabbutt
33%
1993/1994 DF Gary Mabbutt
33%
1994/1995 DF Gary Mabbutt
33%
1995/1996 DF Gary Mabbutt
33%
1979/1980 MF Osvaldo Ardiles
33%
1980/1981 MF Osvaldo Ardiles
33%
1981/1982 MF Osvaldo Ardiles
33%
1985/1986 MF Osvaldo Ardiles
33%
1987/1988 MF Osvaldo Ardiles
33%
2013/2014 MF Paulinho
33%
2014/2015 EL MF Paulinho
33%
2008/2009 DF Vedran Ćorluka
33%
2009/2010 DF Vedran Ćorluka
33%
2011/2012 EL DF Vedran Ćorluka
33%
1985/1986 MF Chris Waddle
32%
1986/1987 MF Chris Waddle
32%
1987/1988 MF Chris Waddle
32%
1988/1989 MF Chris Waddle
32%
2020/2021 EL DF Matt Doherty
32%
1995/1996 ST Chris Armstrong
31%
1998/1999 ST Chris Armstrong
31%
1999/2000 ST Chris Armstrong
31%
1979/1980 ST Gerry Armstrong
31%
2011/2012 EL DF Danny Rose
30%
2013/2014 DF Danny Rose
30%
2014/2015 DF Danny Rose
30%
2015/2016 DF Danny Rose
30%
2002/2003 MF Jamie Redknapp
30%
2003/2004 MF Jamie Redknapp
30%
2007/2008 DF Younes Kaboul
30%
2010/2011 DF Younes Kaboul
30%
2011/2012 DF Younes Kaboul
30%
2013/2014 EL DF Younes Kaboul
30%
2012/2013 MF Clint Dempsey
29%
1979/1980 MF Ricardo Villa
29%
1980/1981 MF Ricardo Villa
29%
1981/1982 MF Ricardo Villa
29%
1982/1983 MF Ricardo Villa
29%
2014/2015 MF Ryan Mason
29%
1980/1981 ST Steve Archibald
29%
1981/1982 ST Steve Archibald
29%
1982/1983 ST Steve Archibald
29%
1983/1984 ST Steve Archibald
29%
2008/2009 ST Roma Pavlyuchenko
28%
2010/2011 ST Roma Pavlyuchenko
28%
2011/2012 EL ST Roma Pavlyuchenko
28%
1979/1980 DF Steve Perryman
28%
1980/1981 DF Steve Perryman
28%
1981/1982 DF Steve Perryman
28%
1982/1983 MF Steve Perryman
28%
1983/1984 MF Steve Perryman
28%
1984/1985 MF Steve Perryman
28%
2007/2008 MF Tom Huddlestone
28%
2009/2010 MF Tom Huddlestone
28%
2011/2012 EL MF Andros Townsend
27%
2014/2015 EL MF Andros Townsend
27%
2013/2014 EL MF Andros Townsend
27%
2022/2023 UCL DF Clément Lenglet
27%
1981/1982 DF Graham Roberts
26%
1983/1984 DF Graham Roberts
26%
1984/1985 DF Graham Roberts
26%
1985/1986 DF Graham Roberts
26%
2003/2004 MF Michael Brown
26%
2004/2005 MF Michael Brown
26%
1995/1996 DF Clive Wilson
25%
1996/1997 DF Clive Wilson
25%
2020/2021 EL ST Steven Bergwijn
25%
2005/2006 MF Edgar Davids
25%
2008/2009 DF Jonathan Woodgate
25%
1995/1996 MF Ruel Fox
24%
1996/1997 MF Ruel Fox
24%
1997/1998 MF Ruel Fox
24%
1999/2000 MF Tim Sherwood
24%
2000/2001 MF Tim Sherwood
24%
1983/1984 DF Danny Thomas
23%
2012/2013 EL MF Gylfi Sigurðsson
23%
2013/2014 EL MF Gylfi Sigurðsson
23%
1986/1987 DF Mitchell Thomas
23%
1987/1988 DF Mitchell Thomas
23%
1988/1989 DF Mitchell Thomas
23%
1989/1990 DF Mitchell Thomas
23%
1990/1991 DF Mitchell Thomas
23%
1979/1980 DF Chris Hughton
22%
1980/1981 DF Chris Hughton
22%
1981/1982 DF Chris Hughton
22%
1982/1983 DF Chris Hughton
22%
1983/1984 DF Chris Hughton
22%
1984/1985 DF Chris Hughton
22%
1985/1986 DF Chris Hughton
22%
1983/1984 DF Gary Stevens
22%
1984/1985 DF Gary Stevens
22%
1985/1986 DF Gary Stevens
22%
1986/1987 DF Gary Stevens
22%
2014/2015 MF Nabil Bentaleb
22%
2014/2015 EL MF Nabil Bentaleb
22%
1988/1989 ST Paul Stewart
22%
1989/1990 ST Paul Stewart
22%
1990/1991 MF Paul Stewart
22%
1991/1992 MF Paul Stewart
22%
1996/1997 ST Steffen Iversen
22%
1998/1999 ST Steffen Iversen
22%
1999/2000 ST Steffen Iversen
22%
2000/2001 DF Luke Young
21%
2014/2015 DF Federico Fazio
21%
2014/2015 EL DF Federico Fazio
21%
2012/2013 MF Sandro
21%
2013/2014 EL MF Sandro
21%
1993/1994 DF Colin Calderwood
20%
1994/1995 DF Colin Calderwood
20%
1996/1997 DF Colin Calderwood
20%
1997/1998 DF Colin Calderwood
20%
1980/1981 ST Garth Crooks
20%
1982/1983 ST Garth Crooks
20%
2003/2004 ST Frederic Kanoute
19%
2004/2005 ST Frederic Kanoute
19%
2001/2002 MF Gustavo Poyet
19%
2002/2003 MF Gustavo Poyet
19%
1990/1991 DF Justin Edinburgh
19%
1992/1993 DF Justin Edinburgh
19%
1993/1994 DF Justin Edinburgh
19%
1994/1995 DF Justin Edinburgh
19%
1998/1999 DF Justin Edinburgh
19%
2000/2001 ST Sergei Rebrov
18%
1998/1999 MF Steffen Freund
18%
1999/2000 MF Steffen Freund
18%
2000/2001 MF Steffen Freund
18%
2001/2002 MF Steffen Freund
18%
1996/1997 MF Andy Sinton
17%
2006/2007 MF Didier Zokora
17%
2007/2008 MF Didier Zokora
17%
2008/2009 MF Didier Zokora
17%
1981/1982 MF Micky Hazard
17%
1984/1985 MF Micky Hazard
17%
2005/2006 ST Mido
17%
1992/1993 MF Nick Barmby
17%
1993/1994 MF Nick Barmby
17%
1994/1995 MF Nick Barmby
17%
2009/2010 MF Niko Kranjčar
17%
2006/2007 DF Pascal Chimbonda
17%
2007/2008 DF Pascal Chimbonda
17%
1979/1980 DF Paul Miller
17%
1980/1981 DF Paul Miller
17%
1981/1982 DF Paul Miller
17%
1982/1983 DF Paul Miller
17%
1984/1985 DF Paul Miller
17%
1997/1998 DF Ramon Vega
17%
1998/1999 DF Ramon Vega
17%
2009/2010 DF Sebastien Bassong
17%
2011/2012 EL DF Sebastien Bassong
17%
2007/2008 MF Steed Malbranque
17%
1992/1993 DF Dean Austin
16%
1995/1996 DF Dean Austin
16%
2011/2012 EL MF Jake Livermore
16%
2004/2005 MF Pedro Mendes
16%
1989/1990 MF Steve Sedgley
16%
1990/1991 MF Steve Sedgley
16%
1991/1992 MF Steve Sedgley
16%
1993/1994 MF Steve Sedgley
16%
2011/2012 EL MF Tom Carroll
16%
1992/1993 MF Vinny Samways
16%
1993/1994 MF Vinny Samways
16%
1988/1989 MF David Howells
15%
1989/1990 MF David Howells
15%
1995/1996 MF David Howells
15%
1996/1997 MF David Howells
15%
2013/2014 EL DF Kyle Naughton
15%
2012/2013 EL DF Kyle Naughton
15%
2003/2004 DF Anthony Gardner
14%
2001/2002 DF Christian Ziege
14%
1983/1984 ST Mark Falco
14%
1984/1985 ST Mark Falco
14%
1985/1986 ST Mark Falco
14%
1990/1991 MF Nayim
14%
1991/1992 MF Nayim
14%
2000/2001 MF Stephen Clemence
14%
1986/1987 MF Steve Hodge
14%
1987/1988 MF Steve Hodge
14%
2005/2006 MF Teemu Tainio
14%
2006/2007 MF Teemu Tainio
14%
2009/2010 MF Wilson Palacios
14%
1996/1997 MF Allan Nielsen
13%
1997/1998 MF Allan Nielsen
13%
1998/1999 MF Allan Nielsen
13%
2020/2021 EL ST Carlos Vinícius
13%
2004/2005 DF Erik Edman
13%
1988/1989 ST Paul Walsh
13%
2014/2015 EL DF Vlad Chiricheș
13%
2012/2013 EL DF Steven Caulker
12%
1999/2000 DF Mauricio Taricco
12%
2001/2002 DF Mauricio Taricco
12%
2002/2003 DF Mauricio Taricco
12%
2003/2004 DF Mauricio Taricco
12%
1992/1993 DF Neil Ruddock
12%
2004/2005 DF Noureddine Naybet
12%
1999/2000 MF Øyvind Leonhardsen
12%
2000/2001 MF Øyvind Leonhardsen
12%
2012/2013 DF Steven Caulker
12%
1980/1981 MF Tony Galvin
12%
1981/1982 MF Tony Galvin
12%
1982/1983 MF Tony Galvin
12%
1983/1984 MF Tony Galvin
12%
1984/1985 MF Tony Galvin
12%
1983/1984 ST Alan Brazil
11%
1994/1995 MF Gheorghe Popescu
11%
1991/1992 ST Gordon Durie
11%
1992/1993 ST Gordon Durie
11%
2005/2006 DF Paul Stalteri
11%
1987/1988 DF Terry Fenwick
11%
1988/1989 DF Terry Fenwick
11%
1991/1992 DF Terry Fenwick
11%
1994/1995 ST Ilie Dumitrescu
10%
1993/1994 MF Jason Dozzell
9%
1995/1996 MF Jason Dozzell
9%
1997/1998 MF Nicola Berti
9%
1989/1990 DF Pat Van Den Hauwe
9%
1990/1991 DF Pat van den Hauwe
9%
1991/1992 DF Pat van den Hauwe
9%
1986/1987 DF Richard Gough
9%
2002/2003 DF Goran Bunjevčević
8%
2014/2015 EL MF Benjamin Stambouli
7%
2004/2005 DF Noé Pamarot
7%
1995/1996 MF Ronny Rosenthal
7%
1989/1990 DF Guðni Bergsson
6%
1991/1992 DF Guðni Bergsson
6%
1986/1987 ST Nico Claesen
6%
1987/1988 ST Nico Claesen
6%
2003/2004 MF Stéphane Dalmat
4%
1980/1981 DF John Lacy
4%
1982/1983 DF Paul Price
4%
1987/1988 DF Chris Fairclough
3%
1988/1989 DF Chris Fairclough
3%
1979/1980 DF Don McAllister
3%
1984/1985 MF John Chiedozie
3%
1985/1986 MF John Chiedozie
3%
1979/1980 MF Terry Yorath
2%
1999/2000 DF Chris Perry
1%
2000/2001 DF Chris Perry
1%
2001/2002 DF Chris Perry
1%
No matching quizzes found
Score Distribution
Percent of People with Each Score
Percentile by Number Answered
Your Score History
You have not taken this quiz since the last reset